[Event "FIDE World Bl Team Pool D"]
[Site "London ENG"]
[Date "2025.06.14"]
[Round "9.5"]
[White "Tsolakidou, Stavroula"]
[Black "Kabugu, Njagi"]
[Result "1-0"]
[WhiteTitle "IM"]
[WhiteElo "2428"]
[BlackElo "1682"]
[WhiteTeam "Team MGD1"]
[BlackTeam "Equity Bank, Kenya"]
[WhiteFideId "4264312"]
[BlackFideId "10806075"]
[EventDate "2025.06.14"]
[EventType "team"]

1. e4 e6 2. d4 Be7 3. Nf3 c6 4. Bd3 d5 5. e5 Nd7 6. O-O h6 7. Nbd2 Nf8 8. Re1
Ng6 9. Nf1 Nh4 10. Ng3 Nxf3+ 11. Qxf3 Qb6 12. c3 Bd7 13. Nh5 Bf8 14. Qg3 O-O-O
15. Nxg7 Ne7 16. Nh5 Rg8 17. Qf3 Be8 18. Nf6 Rg6 19. Nxe8 Rxe8 20. Qxf7 Qd8 21.
Bxg6 Nxg6 22. Qxg6 Be7 23. Qxe6+ Kb8 24. Bxh6 Ba3 25. Qf6 Be7 26. Qf5 Rh8 27.
Bf4 Rf8 28. e6+ Ka8 1-0

[Event "FIDE World Bl Team Pool D"]
[Site "London ENG"]
[Date "2025.06.14"]
[Round "9.6"]
[White "Mutisya, Jully"]
[Black "Atharvaa P Tayade"]
[Result "0-1"]
[WhiteTitle "WCM"]
[WhiteElo "1822"]
[BlackElo "1956"]
[WhiteTeam "Equity Bank, Kenya"]
[BlackTeam "Team MGD1"]
[WhiteFideId "10814922"]
[BlackFideId "25042955"]
[EventDate "2025.06.14"]
[EventType "team"]

1. d4 Nf6 2. Nf3 g6 3. Bf4 Bg7 4. Nc3 d5 5. e3 O-O 6. h4 h5 7. Be2 c5 8. Qd2 Nc6
9. Ne5 cxd4 10. exd4 Qb6 11. Nxc6 bxc6 12. Rb1 Nd7 13. O-O Qxd4 14. Bd3 e5 15.
Be3 Qxh4 16. Bg5 Qg4 17. f3 Qe6 18. Rbe1 Rb8 19. b3 Nc5 20. Ne2 Nxd3 21. cxd3
Ba6 22. Nd4 Qd6 23. Nc2 Rfe8 24. f4 e4 25. dxe4 Bxf1 26. Kxf1 f6 27. Bh4 Bh6 28.
Bg3 h4 29. Bh2 Rbd8 0-1

[Event "FIDE World Bl Team Pool D"]
[Site "London ENG"]
[Date "2025.06.14"]
[Round "9.1"]
[White "Skytte, Rasmus"]
[Black "Atlas, Valery"]
[Result "1/2-1/2"]
[WhiteTitle "IM"]
[BlackTitle "IM"]
[WhiteElo "2367"]
[BlackElo "2401"]
[WhiteTeam "Danish Futures"]
[BlackTeam "Perfect"]
[WhiteFideId "1404210"]
[BlackFideId "12000035"]
[EventDate "2025.06.14"]
[EventType "team"]

1. e4 c5 2. c3 Nf6 3. e5 Nd5 4. Nf3 d6 5. d4 cxd4 6. cxd4 e6 7. Bc4 Nc6 8. Qe2
Be7 9. O-O O-O 10. Qe4 b6 11. exd6 Qxd6 12. Nc3 Nxc3 13. bxc3 Bb7 14. Bf4 Qd8
15. Bd3 g6 16. Bh6 Re8 17. Rfe1 Bf6 18. Rad1 Na5 19. Qf4 Rc8 20. Bg5 Bxg5 21.
Nxg5 f6 22. Ne4 Bxe4 23. Bxe4 Rxc3 24. h4 Kg7 1/2-1/2

[Event "FIDE World Bl Team Pool D"]
[Site "London ENG"]
[Date "2025.06.14"]
[Round "9.2"]
[White "Slavin, Gennadie"]
[Black "Kistrup, Nicolai"]
[Result "0-1"]
[BlackTitle "IM"]
[WhiteElo "2207"]
[BlackElo "2381"]
[WhiteTeam "Perfect"]
[BlackTeam "Danish Futures"]
[WhiteFideId "4104870"]
[BlackFideId "1444816"]
[EventDate "2025.06.14"]
[EventType "team"]

1. e4 e5 2. Nc3 Nf6 3. Bc4 c6 4. d4 exd4 5. Qxd4 d6 6. Nf3 Be7 7. O-O O-O 8. a4
Bg4 9. Be2 Nbd7 10. h3 Bh5 11. Bf4 Qc7 12. Rad1 Bxf3 13. Bxf3 Ne5 14. Be2 Rad8
15. Bg3 a5 16. f4 Ng6 17. Bc4 d5 18. exd5 cxd5 19. Qa7 Bc5+ 0-1

[Event "FIDE World Bl Team Pool D"]
[Site "London ENG"]
[Date "2025.06.14"]
[Round "9.3"]
[White "Nilssen, Ellen Fredericia"]
[Black "Arakhamia-Grant, Ketevan"]
[Result "1-0"]
[WhiteTitle "WIM"]
[BlackTitle "GM"]
[WhiteElo "2160"]
[BlackElo "2269"]
[WhiteTeam "Danish Futures"]
[BlackTeam "Perfect"]
[WhiteFideId "1441230"]
[BlackFideId "13600168"]
[EventDate "2025.06.14"]
[EventType "team"]

1. d4 Nf6 2. c4 g6 3. Nc3 Bg7 4. Nf3 O-O 5. g3 d6 6. Bg2 Nc6 7. O-O Bf5 8. Nh4
Bd7 9. Nf3 e5 10. d5 Ne7 11. e4 Ne8 12. Ne1 f5 13. f4 exf4 14. Bxf4 Nf6 15. e5
dxe5 16. Bxe5 Kh8 17. Nf3 a6 18. Qd4 b6 19. Rae1 Nc8 20. Ng5 Ra7 21. b4 a5 22.
Nb5 Bxb5 23. Ne6 Qe7 24. Nxf8 Qxf8 25. cxb5 axb4 26. Rc1 Nd6 27. g4 Nxb5 28. Qb2
Nc3 29. gxf5 g5 30. Bxc3 bxc3 31. Qxc3 Nxd5 32. Qc6 Nf6 33. Rc2 g4 34. Re1 Bh6
35. Re6 Bg5 36. Rce2 Qh6 37. Re8+ Nxe8 38. Rxe8+ Kg7 39. Qd7+ 1-0

[Event "FIDE World Bl Team Pool D"]
[Site "London ENG"]
[Date "2025.06.14"]
[Round "9.4"]
[White "Gluhovsky, Mark"]
[Black "Skytte, Robert"]
[Result "1-0"]
[BlackTitle "CM"]
[WhiteElo "2224"]
[BlackElo "2015"]
[WhiteTeam "Perfect"]
[BlackTeam "Danish Futures"]
[WhiteFideId "24165514"]
[BlackFideId "1471775"]
[EventDate "2025.06.14"]
[EventType "team"]

1. e4 c5 2. Nc3 Nc6 3. Nf3 g6 4. h4 Bg7 5. h5 d6 6. Bc4 Ne5 7. h6 Bxh6 8. Bb5+
Bd7 9. Nxe5 dxe5 10. Bc4 Bg7 11. Qf3 Nf6 12. d3 a6 13. a4 Rb8 14. Qg3 Qc7 15. a5
Nh5 16. Rxh5 gxh5 17. Qxg7 Rf8 18. Bh6 1-0

[Event "FIDE World Bl Team Pool D"]
[Site "London ENG"]
[Date "2025.06.14"]
[Round "9.5"]
[White "Derlich, Sarah Sima"]
[Black "Atlas, Dmitry"]
[Result "0-1"]
[WhiteTitle "WCM"]
[BlackTitle "FM"]
[WhiteElo "1926"]
[BlackElo "2107"]
[WhiteTeam "Danish Futures"]
[BlackTeam "Perfect"]
[WhiteFideId "1469290"]
[BlackFideId "12000051"]
[EventDate "2025.06.14"]
[EventType "team"]

1. e4 e6 2. d4 d5 3. Nd2 Nf6 4. e5 Nfd7 5. Bd3 c5 6. c3 Nc6 7. Ne2 cxd4 8. cxd4
f6 9. exf6 Nxf6 10. O-O Bd6 11. Nf3 Qc7 12. Ng3 O-O 13. Bg5 Bd7 14. Rc1 h6 15.
Bxf6 Rxf6 16. Qe2 Qb6 17. Qd2 Rxf3 18. gxf3 Nxd4 19. Kg2 Rf8 20. Be2 Bf4 21. Qd3
Nxe2 22. Nxe2 Bb5 23. Qc2 Bxc1 24. Rxc1 Bxe2 25. Qxe2 Qd6 26. Qe3 e5 27. Re1
Qg6+ 28. Kh1 Qh5 29. Kg2 Qg6+ 30. Kh1 Qh5 31. Kg2 d4 32. Qe4 Qg5+ 33. Kf1 Re8
34. Qd5+ Kh8 35. Qe4 Qh4 36. Kg2 Qxe4 37. Rxe4 g5 38. h4 Kg7 39. hxg5 hxg5 40.
Kg3 Kf6 41. Kg2 Rc8 42. Re2 Rc1 43. Rd2 Kf5 44. Kg3 Rg1+ 45. Kh2 Ra1 46. a3 Kf4
47. Kg2 Rb1 48. Rc2 g4 49. fxg4 Kxg4 50. Re2 Kf5 51. Kf3 Rc1 52. Rd2 Rh1 53. Kg2
Rh4 54. Kf3 Rf4+ 55. Ke2 Rh4 56. Kf3 Rh3+ 57. Ke2 Rb3 58. Kf1 Kf4 59. Ke2 Rh3
60. Kf1 Ke4 61. Ke2 d3+ 62. Kf1 Kd4 63. Kg2 Rh7 64. Kf3 Rf7+ 65. Kg2 Rf4 66. Kg3
Rf7 67. Kg2 e4 68. Rd1 e3 69. fxe3+ Kxe3 70. Re1+ Kd2 71. Re5 Kc2 72. Rc5+ Kxb2
73. Rb5+ Kc2 74. Rc5+ Kd1 75. Rd5 d2 76. Rd8 Rf5 77. Rd7 Rc5 78. Kf2 Kc2 79. Ke2
Re5+ 80. Kf2 d1=Q 0-1

[Event "FIDE World Bl Team Pool D"]
[Site "London ENG"]
[Date "2025.06.14"]
[Round "9.1"]
[White "Navara, David"]
[Black "Kantor, Gergely"]
[Result "1-0"]
[WhiteTitle "GM"]
[BlackTitle "GM"]
[WhiteElo "2657"]
[BlackElo "2584"]
[WhiteTeam "Hetman GKS Katowice"]
[BlackTeam "Team Hungary"]
[WhiteFideId "309095"]
[BlackFideId "751499"]
[EventDate "2025.06.14"]
[EventType "team"]

1. e4 e5 2. Nf3 Nc6 3. Bb5 a6 4. Ba4 Nf6 5. O-O Be7 6. Re1 b5 7. Bb3 O-O 8. a4
b4 9. d3 Rb8 10. Nbd2 Bc5 11. h3 d6 12. Nc4 Be6 13. Be3 Bxe3 14. fxe3 Ne7 15. a5
Ng6 16. Qd2 h6 17. Ra4 c5 18. Raa1 Nh7 19. Qe2 Kh8 20. Rf1 Qe7 21. Nfd2 Nh4 22.
Kh2 Ng5 23. g3 Nxh3 24. gxh4 Qxh4 25. Nf3 Qh5 26. Kg2 Ng5 27. Rh1 Qg4+ 28. Kf2
Nh3+ 29. Ke1 f5 30. Ncxe5 1-0

[Event "FIDE World Bl Team Pool D"]
[Site "London ENG"]
[Date "2025.06.14"]
[Round "9.2"]
[White "Erdos, Viktor"]
[Black "Klimkowski, Jan"]
[Result "1-0"]
[WhiteTitle "GM"]
[BlackTitle "GM"]
[WhiteElo "2545"]
[BlackElo "2508"]
[WhiteTeam "Team Hungary"]
[BlackTeam "Hetman GKS Katowice"]
[WhiteFideId "719978"]
[BlackFideId "21856222"]
[EventDate "2025.06.14"]
[EventType "team"]

1. d4 Nf6 2. c4 e6 3. Nc3 Bb4 4. e3 O-O 5. Bd3 d5 6. a3 Bxc3+ 7. bxc3 c5 8. cxd5
exd5 9. Ne2 b6 10. O-O Nc6 11. f3 a5 12. Ra2 Ba6 13. Bxa6 Rxa6 14. Nf4 Ne7 15.
Re2 Ng6 16. Nxg6 hxg6 17. e4 Qd7 18. e5 Ne8 19. f4 f5 20. e6 Qd6 21. dxc5 bxc5
22. Re5 Nf6 23. Rfe1 Re8 24. a4 Qc6 25. Ba3 Qc8 26. e7 Rc6 27. h3 Qd7 28. Qd3
Rc7 29. c4 dxc4 30. Qxc4+ Kh7 31. Bxc5 Ne4 32. R1xe4 fxe4 33. Qxe4 Qc6 34. Rh5+
Kg8 35. Qc4+ 1-0

[Event "FIDE World Bl Team Pool D"]
[Site "London ENG"]
[Date "2025.06.14"]
[Round "9.3"]
[White "Seemann, Jakub"]
[Black "Kozak, Adam"]
[Result "1-0"]
[WhiteTitle "IM"]
[BlackTitle "GM"]
[WhiteElo "2450"]
[BlackElo "2587"]
[WhiteTeam "Hetman GKS Katowice"]
[BlackTeam "Team Hungary"]
[WhiteFideId "21874697"]
[BlackFideId "753246"]
[EventDate "2025.06.14"]
[EventType "team"]

1. d4 Nf6 2. c4 e6 3. Nf3 Bb4+ 4. Nbd2 b6 5. a3 Bxd2+ 6. Nxd2 Bb7 7. e3 O-O 8.
b3 d5 9. Bb2 Nbd7 10. Be2 c5 11. O-O Qe7 12. a4 Rfd8 13. a5 h6 14. Qc2 dxc4 15.
bxc4 Nf8 16. Rfb1 Ng6 17. Bf1 Bc6 18. f3 Nh4 19. Nb3 Nf5 20. Qf2 cxd4 21. e4
Bxe4 22. fxe4 Nxe4 23. Qf4 Nc3 24. Re1 Qb4 25. Ra3 bxa5 26. Qd2 Rab8 27. Bc1 Nb1
28. Qxb4 Rxb4 29. Nxa5 Nxa3 30. Bxa3 Ra4 31. Nc6 Rc8 32. Ne7+ Nxe7 33. Bxe7
Raxc4 34. Bxc4 Rxc4 35. Ra1 d3 36. Kf2 d2 37. Rd1 Rd4 38. Ke3 Rd5 39. Bb4 e5 40.
Bxd2 f6 41. Ra1 Rd7 42. Ra6 Rb7 43. Kf3 h5 44. Be3 Kh7 45. Rxa7 Rb5 46. Ra2 Kg6
47. Ke4 Rb4+ 48. Kf3 Rb3 49. h3 Rb4 50. Ra7 Rb5 51. Bc1 Rb3+ 52. Kf2 Rb8 53. Ba3
Rc8 54. Kf3 Rd8 55. Bc5 Rc8 56. Be3 Rc3 57. Ke4 Rc2 58. Kf3 Rc3 59. Rb7 Rc4 60.
Bd2 Rc8 61. Bb4 Rd8 62. Rc7 Rd3+ 63. Ke2 Rd8 64. Bc5 Rb8 65. Ke3 Rb3+ 66. Ke4
Rg3 67. Bf8 Kh7 68. Rc2 Kg6 69. Bd6 Rb3 70. Bc5 Rb7 71. Kd5 Rb3 72. Ke6 Rg3 73.
Bf8 h4 74. Rd2 Rg5 75. Rd7 Kh7 76. Rd2 Kg8 77. Bd6 Rg3 78. Ke7 Rg5 79. Ra2 Rg3
80. Bc5 Rc3 81. Bf2 Rc4 82. Ra8+ Kh7 83. Ra2 Kg6 84. Ke6 Rb4 85. Re2 Ra4 86. Kd5
Kf5 87. Bc5 Ra5 88. Rf2+ Kg6 89. Kd6 Ra6+ 90. Ke7 Ra4 91. Bd6 Ra7+ 92. Ke6 Ra6
93. Rb2 Ra7 94. Rb4 Kg5 95. Rg4+ Kh6 96. Rxh4+ Kg6 97. Rg4+ Kh7 98. Bf8 Ra6+ 99.
Kf7 Ra7+ 100. Be7 Kh6 101. Rg6+ Kh7 102. Rxg7+ Kh6 103. Rg6+ Kh5 104. Rxf6 Kg5
105. Ra6+ Rxe7+ 106. Kxe7 1-0

[Event "FIDE World Bl Team Pool D"]
[Site "London ENG"]
[Date "2025.06.14"]
[Round "9.4"]
[White "Ruck, Robert"]
[Black "Cieslak, Patryk"]
[Result "1/2-1/2"]
[WhiteTitle "GM"]
[BlackTitle "FM"]
[WhiteElo "2515"]
[BlackElo "2442"]
[WhiteTeam "Team Hungary"]
[BlackTeam "Hetman GKS Katowice"]
[WhiteFideId "705713"]
[BlackFideId "21078882"]
[EventDate "2025.06.14"]
[EventType "team"]

1. Nf3 d5 2. d4 Nf6 3. c4 e6 4. Nc3 Bb4 5. Bg5 h6 6. Bxf6 Qxf6 7. e3 O-O 8. Rc1
Nc6 9. cxd5 exd5 10. a3 Bxc3+ 11. Rxc3 Ne7 12. Be2 c6 13. O-O Nf5 14. b4 Nd6 15.
a4 a6 16. Qb3 Bg4 17. h3 Bxf3 18. Bxf3 Nc4 19. Rc2 b5 20. Ra1 Qe7 21. Rca2 Rab8
22. Qc3 g6 23. axb5 axb5 24. Ra6 Qc7 25. e4 dxe4 26. Bxe4 Rb6 27. d5 Rxa6 28.
Rxa6 Qf4 29. Bf3 cxd5 30. Bxd5 Kh7 31. Rf6 Qc7 32. Qf3 Kg7 33. Qc3 Kh7 34. g3
Qe7 35. Kg2 Nd6 36. Rf4 Rc8 37. Qd4 Nf5 38. Qd3 Qd7 39. Qf3 Kg7 40. Be4 Nd6 41.
Bd3 Qc6 42. Rd4 Qxf3+ 43. Kxf3 Nc4 44. Rd5 Na3 45. h4 Rc3 46. Ke2 Rb3 47. Rd4
Nc4 48. Bxc4 Rxb4 49. Kd3 bxc4+ 50. Rxc4 Rxc4 51. Kxc4 Kf6 52. Kd4 Kf5 53. Ke3
Kg4 54. Ke4 f6 55. Ke3 Kf5 1/2-1/2

[Event "FIDE World Bl Team Pool D"]
[Site "London ENG"]
[Date "2025.06.14"]
[Round "9.5"]
[White "Saduakassova, Dinara"]
[Black "Gaal, Zsoka"]
[Result "1-0"]
[WhiteTitle "IM"]
[BlackTitle "WGM"]
[WhiteElo "2435"]
[BlackElo "2391"]
[WhiteTeam "Hetman GKS Katowice"]
[BlackTeam "Team Hungary"]
[WhiteFideId "13700090"]
[BlackFideId "777765"]
[EventDate "2025.06.14"]
[EventType "team"]

1. d4 Nf6 2. Nf3 e6 3. Bf4 b6 4. e3 Bb7 5. h3 Bd6 6. Bxd6 cxd6 7. Bd3 O-O 8.
Nbd2 d5 9. O-O Nc6 10. c3 d6 11. e4 dxe4 12. Nxe4 Nxe4 13. Bxe4 Na5 14. Bxb7
Nxb7 15. Qd3 Qf6 16. Rfe1 h6 17. c4 Rac8 18. b3 Na5 19. Qe4 Rfd8 20. d5 e5 21.
Nd2 Qg5 22. Qe3 Qg6 23. Rac1 f5 24. f4 e4 25. Qd4 Rf8 26. Nf1 Qf6 27. Qxf6 Rxf6
28. Ne3 g6 29. Kf2 Rf7 30. Ke2 Rfc7 31. Kd2 a6 32. Rc2 Kf7 33. Rec1 Nb7 34. b4
a5 35. a3 Ra8 36. Rb2 axb4 37. axb4 Ra3 38. Rc3 Ra1 39. Rc1 Ra3 40. Rc3 Ra1 41.
Rc1 Ra3 42. Rc3 Ra1 43. Rc1 Rxc1 44. Kxc1 Kf6 45. Kd2 g5 46. g3 gxf4 47. gxf4
Rg7 48. Ra2 Rg3 49. Ra6 Rxh3 50. Rxb6 Nd8 51. Rxd6+ Ke7 52. Nxf5+ Kf7 53. Rxd8
Rd3+ 54. Ke2 h5 55. d6 Ke6 56. Ne3 h4 57. c5 h3 58. Rh8 Rb3 59. Rxh3 Rb2+ 60.
Kf1 Rb3 61. Rh6+ Kd7 62. Nd5 e3 63. Ke2 Kc6 64. Nxe3 Rxb4 65. Kf3 1-0

[Event "FIDE World Bl Team Pool D"]
[Site "London ENG"]
[Date "2025.06.14"]
[Round "9.6"]
[White "Marton-John, Almos Kiran"]
[Black "Smolinski, Wojciech"]
[Result "1-0"]
[WhiteElo "1987"]
[BlackElo "1987"]
[WhiteTeam "Team Hungary"]
[BlackTeam "Hetman GKS Katowice"]
[WhiteFideId "17013135"]
[BlackFideId "21088683"]
[EventDate "2025.06.14"]
[EventType "team"]

1. c4 e5 2. Nc3 Nc6 3. e4 Nf6 4. g3 Bc5 5. Bg2 d6 6. d3 O-O 7. h3 a5 8. Nge2 Re8
9. O-O Nd4 10. Kh2 c6 11. f4 exf4 12. Bxf4 Nxe2 13. Nxe2 h6 14. Nc3 Bd4 15. Qf3
Be6 16. Rae1 Qd7 17. Be3 Bxe3 18. Qxe3 d5 19. cxd5 cxd5 20. e5 Nh7 21. d4 b5 22.
Qf3 Rad8 23. h4 b4 24. Ne2 Bg4 25. Qf4 Bxe2 26. Rxe2 Nf8 27. Ref2 Re7 28. Qf3
Ne6 29. Qe3 Qa7 30. Rd2 a4 31. Bh3 Rde8 32. Bg2 Rd8 33. Qd3 a3 34. b3 Nc7 35.
Rc2 Rb8 36. Rfc1 Rb7 37. Bxd5 1-0

[Event "FIDE World Bl Team Pool D"]
[Site "London ENG"]
[Date "2025.06.14"]
[Round "9.1"]
[White "Orozbaev, Eldiyar"]
[Black "Amartuvshin, Ganzorig"]
[Result "1-0"]
[WhiteTitle "IM"]
[BlackTitle "IM"]
[WhiteElo "2367"]
[BlackElo "2430"]
[WhiteTeam "Noval Group Kyrgyzstan"]
[BlackTeam "Mongolia-A"]
[WhiteFideId "13802240"]
[BlackFideId "4902548"]
[EventDate "2025.06.14"]
[EventType "team"]

1. e4 e5 2. Nf3 Nc6 3. Bc4 Nf6 4. Ng5 d5 5. exd5 Na5 6. Bb5+ Bd7 7. Qe2 Bxb5 8.
Qxb5+ c6 9. dxc6 bxc6 10. Qe2 Bd6 11. d3 O-O 12. Nc3 c5 13. Nge4 Nxe4 14. dxe4
Nc6 15. Be3 Nd4 16. Qd2 Rb8 17. b3 c4 18. Nd5 cxb3 19. axb3 Rc8 20. Bxd4 exd4
21. O-O f5 22. Qxd4 Rxc2 23. Rxa7 Qg5 24. Ne3 Bc5 25. Qd5+ Kh8 26. Rc7 Rd8 27.
Qxf5 Qxf5 28. exf5 Rc3 29. Nd5 Rc2 30. b4 h5 31. Rxc5 Rxc5 32. bxc5 Rxd5 33. Rc1 1-0

[Event "FIDE World Bl Team Pool D"]
[Site "London ENG"]
[Date "2025.06.14"]
[Round "9.2"]
[White "Munkhdalai, Amilal"]
[Black "Sharshenbekov, Emir"]
[Result "1-0"]
[WhiteTitle "IM"]
[BlackTitle "CM"]
[WhiteElo "2385"]
[BlackElo "2091"]
[WhiteTeam "Mongolia-A"]
[BlackTeam "Noval Group Kyrgyzstan"]
[WhiteFideId "4903250"]
[BlackFideId "13810634"]
[EventDate "2025.06.14"]
[EventType "team"]

1. e4 e6 2. d4 d5 3. Nd2 c5 4. exd5 exd5 5. Ngf3 Nc6 6. Bb5 Bd6 7. dxc5 Bxc5 8.
Nb3 Ne7 9. O-O Bd6 10. Nfd4 O-O 11. c3 a6 12. Be2 Bc7 13. Re1 Qd6 14. g3 Bh3 15.
Bf4 Qd8 16. Bxc7 Qxc7 17. Qd2 h6 18. Qe3 Ng6 19. Bf3 Rad8 20. Nxc6 bxc6 21. Re2
Rfe8 22. Qxe8+ Rxe8 23. Rxe8+ Kh7 24. Rae1 Qb6 25. Bg2 Bd7 26. R8e3 a5 27. R3e2
a4 28. Nd4 c5 29. Nf3 Bb5 30. Rd2 Bc4 31. a3 f6 32. Re3 Bb3 33. h4 Qc7 34. h5
Ne7 35. Nh4 Kg8 36. Rde2 Nc6 37. Re8+ Kf7 38. Ng6 Ne5 39. Re7+ Qxe7 40. Nxe7
Kxe7 41. f4 Kd6 42. fxe5+ fxe5 43. Kf2 e4 44. Bxe4 dxe4 45. Rxe4 Bd1 46. g4 Bb3
47. Ke3 Bc2 48. Rf4 Bd1 49. Kd2 Bb3 50. c4 Ke5 51. Rf7 Bxc4 52. Rxg7 Kf4 53. g5
hxg5 54. h6 1-0

[Event "FIDE World Bl Team Pool D"]
[Site "London ENG"]
[Date "2025.06.14"]
[Round "9.3"]
[White "Degenbaev, Aziz"]
[Black "Munkhzul, Turmunkh"]
[Result "0-1"]
[WhiteTitle "FM"]
[BlackTitle "WGM"]
[WhiteElo "2286"]
[BlackElo "2236"]
[WhiteTeam "Noval Group Kyrgyzstan"]
[BlackTeam "Mongolia-A"]
[WhiteFideId "13802640"]
[BlackFideId "4901878"]
[EventDate "2025.06.14"]
[EventType "team"]

1. e4 c5 2. Nf3 d6 3. d4 cxd4 4. Nxd4 Nf6 5. Nc3 a6 6. Bd3 g6 7. f3 Bg7 8. Be3
Nc6 9. Qd2 Qc7 10. O-O-O O-O 11. g4 Nxd4 12. Bxd4 e5 13. Be3 Be6 14. h4 d5 15.
g5 d4 16. gxf6 dxc3 17. Qxc3 Qxc3 18. bxc3 Bxf6 19. Kb2 h5 20. Be2 Rfd8 21. Bf2
Kf8 22. a4 Rxd1 23. Rxd1 Rd8 24. Rxd8+ Bxd8 25. Bg3 Ke8 26. c4 Bd7 27. Kb3 Be6
28. Kc3 Kd7 29. Bf1 Kc6 30. Be2 Bd7 31. Bf1 Ba5+ 32. Kb3 Bd8 33. Be2 Kc5 34.
Bf2+ Kd6 35. c5+ Kc6 36. Kb4 Be6 37. Bc4 Bxc4 38. Kxc4 g5 39. Bg3 gxh4 40. Bxe5
Bc7 41. Bxc7 Kxc7 42. Kd3 h3 0-1

[Event "FIDE World Bl Team Pool D"]
[Site "London ENG"]
[Date "2025.06.14"]
[Round "9.4"]
[White "Gan-Od, Sereenen"]
[Black "Zhakshylykov, Erzhan"]
[Result "0-1"]
[WhiteTitle "FM"]
[BlackTitle "IM"]
[WhiteElo "2320"]
[BlackElo "2362"]
[WhiteTeam "Mongolia-A"]
[BlackTeam "Noval Group Kyrgyzstan"]
[WhiteFideId "4901304"]
[BlackFideId "13804111"]
[EventDate "2025.06.14"]
[EventType "team"]

1. c4 Nf6 2. Nf3 e6 3. g3 b6 4. Bg2 Bb7 5. O-O c5 6. Nc3 Be7 7. d4 cxd4 8. Nxd4
Bxg2 9. Kxg2 Qc8 10. Bg5 O-O 11. Rc1 h6 12. Bf4 d6 13. Nf3 Rd8 14. Qb3 Nc6 15.
Qa4 Qb7 16. Kg1 a6 17. Rfd1 Rab8 18. Qc2 Rbc8 19. b3 b5 20. cxb5 axb5 21. Qb2 e5
22. Bd2 d5 23. Be1 e4 24. Nh4 d4 25. Nb1 Qd7 26. Nd2 Qh3 27. Nf1 g5 28. Ng2 d3
29. exd3 Nd4 30. Rxc8 Nf3+ 31. Kh1 Rxc8 32. Qe2 Ng4 33. Nge3 Ngxh2 0-1

[Event "FIDE World Bl Team Pool D"]
[Site "London ENG"]
[Date "2025.06.14"]
[Round "9.5"]
[White "Lesbekova, Assel"]
[Black "Uuriintuya, Uurtsaikh"]
[Result "1-0"]
[WhiteTitle "WCM"]
[BlackTitle "WGM"]
[WhiteElo "1948"]
[BlackElo "2141"]
[WhiteTeam "Noval Group Kyrgyzstan"]
[BlackTeam "Mongolia-A"]
[WhiteFideId "13713248"]
[BlackFideId "4900227"]
[EventDate "2025.06.14"]
[EventType "team"]

1. d4 Nf6 2. Bf4 g6 3. Nc3 d5 4. e3 Bg7 5. h4 h5 6. Nf3 O-O 7. Be2 c5 8. Nb5 Na6
9. c3 Bd7 10. a4 Bc6 11. Ne5 Ne4 12. O-O e6 13. f3 Nf6 14. Rc1 c4 15. b3 cxb3
16. Qxb3 Bxb5 17. axb5 Nb8 18. Nd3 Nbd7 19. Bd6 Re8 20. Bg3 b6 21. Nb4 Qc8 22.
Ra1 e5 23. dxe5 Nxe5 24. Nxd5 Nxd5 25. Qxd5 Qxc3 26. Bf2 Rad8 27. Qb7 Rd7 28.
Qa6 Rd2 29. Be1 Qxe3+ 30. Kh1 Rxe2 31. Ra3 Qf4 32. Ra4 Qf6 33. Qb7 Nd3 34. Bg3
Qb2 35. Rxa7 R8e7 36. Qc8+ Kh7 37. Ra8 Re8 38. Qxe8 Rxe8 39. Rxe8 Qxb5 40. Re7
Ne5 41. Re1 Nd3 42. Rd1 Qf5 43. Re3 Nf4 44. Rde1 b5 45. Re7 b4 46. Rb7 Nd3 47.
Ree7 b3 48. Rxf7 Qxf7 49. Rxf7 b2 50. Rb7 Kg8 51. Bd6 Bc3 52. Ba3 Nb4 53. Bxb2
Bxb2 54. Rxb4 Bf6 55. Kg1 Kf7 56. g3 Ke6 57. Kf2 Be7 58. Rb6+ Kf5 59. Ke2 Bf8
60. Rb5+ Kf6 61. Kd3 Kf7 62. Ke4 Bd6 63. g4 hxg4 64. fxg4 Bg3 65. Rb7+ Kf6 66.
Rb6+ Kf7 67. h5 gxh5 68. g5 h4 69. Kf5 Be1 70. Rb7+ Kf8 71. Rc7 Bg3 72. Rc8+ Kg7
73. Ra8 Bf2 74. Rb8 Bg3 75. Rb7+ Kg8 76. Kf6 h3 77. Rd7 h2 78. Rd8+ Kh7 79. g6+ 1-0

[Event "FIDE World Bl Team Pool D"]
[Site "London ENG"]
[Date "2025.06.14"]
[Round "9.6"]
[White "Han, Qixuan"]
[Black "Zhunusbekova, Aimonchok"]
[Result "0-1"]
[WhiteElo "1896"]
[BlackElo "1890"]
[WhiteTeam "Mongolia-A"]
[BlackTeam "Noval Group Kyrgyzstan"]
[WhiteFideId "496944"]
[BlackFideId "13810251"]
[EventDate "2025.06.14"]
[EventType "team"]

1. Nf3 f5 2. d3 Nf6 3. Nc3 g6 4. e4 d6 5. g3 Bg7 6. Bg2 O-O 7. O-O c6 8. Re1 e5
9. d4 fxe4 10. Nxe4 Nxe4 11. Rxe4 Bf5 12. Re1 Nd7 13. c3 Bg4 14. h3 Bxf3 15.
Bxf3 exd4 16. cxd4 Qf6 17. Bg2 Qxd4 18. Be3 Qxd1 19. Raxd1 d5 20. b3 a5 21. Bd4
a4 22. Re7 Rf7 23. Rxf7 Kxf7 24. Bxg7 Kxg7 25. Re1 Kf6 26. Rb1 axb3 27. axb3 Ke5
28. Kf1 Ra2 29. b4 b5 30. Rc1 Kd6 31. Rb1 Ne5 32. Rb3 Nc4 33. Ke1 Ra1+ 34. Ke2
Rg1 35. Bf3 Ra1 36. h4 Ra2+ 37. Ke1 Nd2 38. Rd3 Nxf3+ 39. Rxf3 Rb2 40. Rf4 Ke5
41. h5 d4 42. hxg6 hxg6 43. f3 Rxb4 44. Rf8 c5 45. Rc8 Kd5 46. Kd2 Kc4 47. Rg8
Rb2+ 48. Ke1 d3 49. Rxg6 d2+ 50. Kd1 Kc3 51. Rd6 Rb1+ 52. Ke2 Re1+ 53. Kf2 d1=Q
54. Rxd1 Rxd1 55. g4 b4 56. g5 b3 57. g6 b2 58. g7 Rd8 0-1

[Event "FIDE World Bl Team Pool D"]
[Site "London ENG"]
[Date "2025.06.14"]
[Round "9.1"]
[White "Kohlmann, Robert"]
[Black "Badacsonyi, Stanley"]
[Result "0-1"]
[BlackTitle "FM"]
[WhiteElo "2026"]
[BlackElo "2300"]
[WhiteTeam "REY AHOGADO"]
[BlackTeam "English Knightmares"]
[WhiteFideId "14900467"]
[BlackFideId "486973"]
[EventDate "2025.06.14"]
[EventType "team"]

1. e4 e6 2. d3 d5 3. Nd2 c5 4. g3 Nc6 5. Ngf3 Nf6 6. Bg2 Be7 7. O-O O-O 8. Re1
b5 9. e5 Nd7 10. Qe2 a5 11. c4 bxc4 12. dxc4 Ba6 13. b3 Nb4 14. Nf1 Nb6 15. Ne3
dxc4 16. Nxc4 Nxc4 17. bxc4 Qd3 18. Be3 Qxe2 19. Rxe2 Bxc4 20. Rd2 Rad8 21. a3
Nd5 22. Rc2 Nxe3 23. fxe3 Bd3 24. Rc3 Be4 25. Kf2 Rb8 26. Ra2 Rfd8 27. Nd2 Bxg2
28. Kxg2 a4 29. Ne4 Rd5 30. Rac2 Rb5 31. Rc4 Ra5 32. Nc3 Rxe5 33. Kf3 f5 34.
Nxa4 Re4 35. R2c3 Rxa4 0-1